| 000 | 00393nam a2200157 i 4500 | ||
|---|---|---|---|
| 001 | 82669 | ||
| 003 | ES-MaACL | ||
| 005 | 20230906174719.0 | ||
| 007 | t| | ||
| 008 | 041111s1966 sp ||||1| spa d | ||
| 100 | 1 |
_aIchaso, J. _965042 |
|
| 245 | 1 | 3 |
_aLa corrida / _cJ. Ichaso. |
| 260 |
_a[S.l. : _bs.n., _c1966] |
||
| 300 |
_a44 h., 1 lám. ; _c19 cm. |
||
| 852 |
_aES-MaACL _jC-30416 _bR.60835 |
||
| 999 |
_c82669 _d82669 |
||